| 000 | 01473nam0a22003371 4500 | ||
|---|---|---|---|
| 001 | v19\rc\1491100 | ||
| 005 | 20250618155520.0 | ||
| 035 | _a(NLR Aleph) 004620710 | ||
| 090 |
_a3037044 _c3037044 |
||
| 100 | _a20060620e18801880|||y0rusy50 ca | ||
| 101 | 0 | _arus | |
| 102 | _aRU | ||
| 105 | _ay z ||||| | ||
| 200 | 1 |
_aПервое десятилетие Казанской окружной лечебницы во имя божией матери всех скорбящих. (1869-1879) _fСост. д-р мед. А.У. Фрезе дир. Казан. окр. лечебницы... |
|
| 210 |
_aКазань _cУнив. тип. _d1880 |
||
| 215 |
_a[4], IV, 116 с. _d23 |
||
| 311 | _aОтт. из "Изв. и Учен. зап. Казан. ун-та". 1880, № 1 | ||
| 488 | 0 |
_12001#$aИзвестия и Ученые записки Казанского университета$v1880, № 1 _tИзвестия и Ученые записки Казанского университета |
|
| 700 | 1 |
_aФрезе _bА.У. _f1827?-1884 _gАлександр Устинович _4220 |
|
| 712 | 0 | 2 | _aКазанская окр. лечебница душевнобольных |
| 801 | 0 |
_aRU _bNLR _gpsbo |
|
| 801 | 0 |
_aRU _bRuMoRGB _2psbo |
|
| 801 | 1 |
_aRU _bProSoft-M _2rusmarc |
|
| 852 |
_aNLR _j18.59.3.32 |
||
| 899 |
_aRuMoRGB _jA 119/465 |
||
| 899 |
_aRuMoRGB _jU 282/8 |
||
| 899 | _aБАН | ||
| 899 | _aНБ СПбГУ | ||
| 899 | _aГПИБ | ||
| 942 | _cBOOK | ||
| 980 | _aNB | ||